000 00790nam a2200253 4500
008 b xx# fre u
010 _a49525
020 _a9280321420
020 _a9789280321425
040 _aLB-BrCRDP
082 _a658.3/B551p
100 1 _aBertrand, Olivier
130 0 _lFR
245 1 0 _aPlanification des ressources humaines: méthodes, expériences, pratiques
_cOlivier Bertrand
260 _aParis
_bUnesco
_c1992
300 _a180p. :
_bgrap., tabl. ;
_c21cm
490 0 _aPrincipes de la planification de l'éducation; 41
500 _aAnnexes et Bibliogr. à la fin du livre
650 _aenseignement professionnelle
650 _aRessources humaines
700 1 0 _aUnesco (Paris, France)
942 _cBK
999 _c12420
_d12420